[Event "Chigorin Memorial 2008"]
[Site "St. Petersburg RUS"]
[Date "2008.10.06"]
[Round "4.11"]
[White "Biriukov, Oleg V"]
[Black "Zontakh, Andrey"]
[Result "1/2-1/2"]
[WhiteElo "2374"]
[BlackElo "2579"]
[PlyCount "135"]
[EventDate "2008.10.03"]
[EventType "swiss"]
[EventRounds "9"]
[EventCountry "RUS"]
[Source "lmi"]
[SourceDate "2008.10.03"]

1. d4 d5 2. c4 e6 3. Nf3 Nf6 4. g3 Bb4+ 5. Bd2 Bd6 6. c5 Be7 7. Nc3 Nc6 8. Bf4
Nh5 9. Ne5 Bd7 10. e3 Nxf4 11. exf4 O-O 12. Nxc6 Bxc6 13. b4 b6 14. Bd3 bxc5
15. bxc5 Rb8 16. Qc2 g6 17. O-O Bf6 18. Ne2 a5 19. Rab1 Qd7 20. Qc3 Ra8 21. Rb2
Kg7 22. Rfb1 Ra7 23. Bb5 a4 24. a3 Bxb5 25. Rxb5 Qc6 26. Nc1 h5 27. h4 Rc8 28.
Nd3 Rca8 29. Kg2 Kh7 30. Ne5 Qe8 31. Qd3 Bxe5 32. fxe5 Qd8 33. Rb7 Ra5 34. Qf3
Kg7 35. Qf6+ Qxf6 36. exf6+ Kxf6 37. Rxc7 R5a7 38. Rc6 Kf5 39. Kf3 e5 40. Rd6
exd4 41. Rxd5+ Ke6 42. Rxd4 Rc7 43. Rd6+ Kf5 44. Rb5 Ke5 45. Rdb6 Rac8 46. c6+
Kd6 47. Ra5 Rxc6 48. Rxc6+ Rxc6 49. Rxa4 Rc3+ 50. Kf4 Rc2 51. f3 Rc3 52. g4
hxg4 53. fxg4 Rc5 54. Re4 f6 55. a4 g5+ 56. hxg5 Rxg5 57. Re3 Ra5 58. Ra3 Ke6
59. Ra1 Kd6 60. Ke4 Rg5 61. Kf4 Ra5 62. Rd1+ Ke6 63. Re1+ Kf7 64. Re4 f5 65.
gxf5 Kf6 66. Ke3 Kxf5 67. Kd3 Rd5+ 68. Rd4 1/2-1/2

[Event "Chigorin Memorial 2008"]
[Site "St. Petersburg RUS"]
[Date "2008.10.06"]
[Round "4.12"]
[White "Shaposhnikov, Evgeny"]
[Black "Kirusha, Andrey"]
[Result "1/2-1/2"]
[WhiteElo "2558"]
[BlackElo "2373"]
[PlyCount "87"]
[EventDate "2008.10.03"]
[EventType "swiss"]
[EventRounds "9"]
[EventCountry "RUS"]
[Source "lmi"]
[SourceDate "2008.10.03"]

1. e4 e6 2. d4 d5 3. Nc3 Nf6 4. e5 Nfd7 5. f4 c5 6. Nf3 Nc6 7. Be3 Be7 8. Qd2
O-O 9. Bd3 f6 10. exf6 Bxf6 11. Be2 cxd4 12. Nxd4 Bxd4 13. Bxd4 e5 14. Bxe5
Ndxe5 15. fxe5 d4 16. Nb5 Be6 17. O-O-O Qd5 18. b3 Qxe5 19. Bd3 Qc5 20. Kb2
Rac8 21. Rhe1 Bg4 22. Rc1 a6 23. Na3 b5 24. Nb1 Ne5 25. Be4 d3 26. Qe3 Rf2 27.
Bxd3 Nxd3+ 28. Qxd3 Bf5 29. Qc3 Qd6 30. Red1 Qe7 31. Qd4 Rcxc2+ 32. Rxc2 Rxc2+
33. Ka1 Qf6 34. Qxf6 gxf6 35. g4 Be4 36. Rd8+ Kf7 37. Nd2 Bg6 38. h4 h5 39.
gxh5 Bxh5 40. Ne4 Bg6 41. Nxf6 Kxf6 42. Rd6+ Kg7 43. Rxa6 b4 44. a3 1/2-1/2

[Event "Chigorin Memorial 2008"]
[Site "St. Petersburg RUS"]
[Date "2008.10.06"]
[Round "4.13"]
[White "Brodsky, Michail"]
[Black "Shchukin, Dmitry"]
[Result "1-0"]
[WhiteElo "2550"]
[BlackElo "2357"]
[PlyCount "63"]
[EventDate "2008.10.03"]
[EventType "swiss"]
[EventRounds "9"]
[EventCountry "RUS"]
[Source "lmi"]
[SourceDate "2008.10.03"]

1. d4 Nf6 2. c4 c5 3. d5 b5 4. cxb5 a6 5. e3 e6 6. dxe6 fxe6 7. Nc3 Bb7 8. Nf3
Be7 9. Be2 O-O 10. O-O axb5 11. Nxb5 Nc6 12. b3 d5 13. Bb2 Ne4 14. Nd2 Nd6 15.
a4 Nxb5 16. axb5 Na7 17. Nf3 Bf6 18. Ne5 Qc7 19. f4 Nc8 20. Rxa8 Bxa8 21. Bd3
Nd6 22. Qc2 Ne4 23. Bxe4 dxe4 24. b6 Qe7 25. Rc1 Bxe5 26. Bxe5 Rd8 27. h3 Rd5
28. b4 Qd7 29. bxc5 Rd2 30. c6 Rxc2 31. cxd7 Rxc1+ 32. Kh2 1-0

[Event "Chigorin Memorial 2008"]
[Site "St. Petersburg RUS"]
[Date "2008.10.06"]
[Round "4.14"]
[White "Utkin, Aleksey"]
[Black "Ionov, Sergey"]
[Result "1/2-1/2"]
[WhiteElo "2359"]
[BlackElo "2543"]
[PlyCount "42"]
[EventDate "2008.10.03"]
[EventType "swiss"]
[EventRounds "9"]
[EventCountry "RUS"]
[Source "lmi"]
[SourceDate "2008.10.03"]

1. d4 Nf6 2. Nf3 e6 3. Bg5 h6 4. Bh4 d6 5. Nbd2 g5 6. Bg3 Nh5 7. e4 Bg7 8. c3
Nd7 9. Bc4 Qe7 10. Ng1 Nxg3 11. hxg3 Nf6 12. Qc2 Bd7 13. O-O-O O-O-O 14. f3 Kb8
15. Ne2 h5 16. Kb1 d5 17. Bd3 dxe4 18. Nxe4 Nxe4 19. Bxe4 f5 20. Bd3 c5 21. Bc4
cxd4 1/2-1/2

[Event "Chigorin Memorial 2008"]
[Site "St. Petersburg RUS"]
[Date "2008.10.06"]
[Round "4.15"]
[White "Popov, Valerij"]
[Black "Domogaev, Sergey"]
[Result "1-0"]
[WhiteElo "2542"]
[BlackElo "2354"]
[PlyCount "51"]
[EventDate "2008.10.03"]
[EventType "swiss"]
[EventRounds "9"]
[EventCountry "RUS"]
[Source "lmi"]
[SourceDate "2008.10.03"]

1. d4 Nf6 2. c4 e6 3. Nc3 Bb4 4. e3 O-O 5. Nge2 b6 6. a3 Be7 7. Nf4 d6 8. Bd3
c6 9. O-O e5 10. Nfe2 Nh5 11. b4 Bb7 12. d5 c5 13. bxc5 bxc5 14. g4 Nf6 15. Ng3
Bc8 16. g5 Ne8 17. f4 g6 18. h4 f5 19. e4 Ng7 20. exf5 Nxf5 21. Nxf5 gxf5 22.
fxe5 dxe5 23. Bb2 e4 24. Nxe4 fxe4 25. Bxe4 Rxf1+ 26. Qxf1 1-0

[Event "Chigorin Memorial 2008"]
[Site "St. Petersburg RUS"]
[Date "2008.10.06"]
[Round "4.16"]
[White "Goganov, Aleksey"]
[Black "Makarov, Marat"]
[Result "1/2-1/2"]
[WhiteElo "2356"]
[BlackElo "2536"]
[PlyCount "43"]
[EventDate "2008.10.03"]
[EventType "swiss"]
[EventRounds "9"]
[EventCountry "RUS"]
[Source "lmi"]
[SourceDate "2008.10.03"]

1. d4 Nf6 2. c4 e6 3. Nc3 Bb4 4. e3 O-O 5. Bd3 d5 6. Nf3 c5 7. O-O dxc4 8. Bxc4
Nbd7 9. a3 Ba5 10. Qd3 cxd4 11. exd4 Bxc3 12. bxc3 b6 13. Bg5 Bb7 14. Rfe1 Qc7
15. Ba2 Rfd8 16. Bxf6 Nxf6 17. Ne5 Nd5 18. Rac1 Qe7 19. Bxd5 Bxd5 20. c4 Bb7
21. Qe3 Rac8 22. c5 1/2-1/2

[Event "Chigorin Memorial 2008"]
[Site "St. Petersburg RUS"]
[Date "2008.10.06"]
[Round "4.17"]
[White "Yevseev, Denis"]
[Black "Molchanova, Tatjana"]
[Result "1-0"]
[WhiteElo "2534"]
[BlackElo "2337"]
[PlyCount "53"]
[EventDate "2008.10.03"]
[EventType "swiss"]
[EventRounds "9"]
[EventCountry "RUS"]
[Source "lmi"]
[SourceDate "2008.10.03"]

1. d4 d5 2. c4 e6 3. Nf3 dxc4 4. e4 b5 5. a4 c6 6. axb5 cxb5 7. b3 Nf6 8. bxc4
Nxe4 9. c5 Bd7 10. Ne5 g6 11. Bd3 Nxf2 12. Kxf2 Qh4+ 13. Kf1 Qxd4 14. Qe2 Bxc5
15. Bb2 Qf4+ 16. Qf3 Qxf3+ 17. gxf3 Rf8 18. Be4 Nc6 19. Bxc6 Bxc6 20. Nxc6 Kd7
21. Ne5+ Kc7 22. Nc3 b4 23. Ne4 Be7 24. Ke2 f5 25. Rhc1+ Kb7 26. Nc5+ Bxc5 27.
Rxc5 1-0

[Event "Chigorin Memorial 2008"]
[Site "St. Petersburg RUS"]
[Date "2008.10.06"]
[Round "4.18"]
[White "Teterev, Vitaly"]
[Black "Barhudarian, Rafael"]
[Result "1-0"]
[WhiteElo "2513"]
[BlackElo "2327"]
[PlyCount "85"]
[EventDate "2008.10.03"]
[EventType "swiss"]
[EventRounds "9"]
[EventCountry "RUS"]
[Source "lmi"]
[SourceDate "2008.10.03"]

1. Nf3 Nf6 2. g3 d6 3. Bg2 g6 4. O-O Bg7 5. c4 e5 6. Nc3 O-O 7. d3 Nc6 8. Rb1
Re8 9. Bg5 h6 10. Bxf6 Bxf6 11. b4 Bg7 12. b5 Nd4 13. Nd2 h5 14. h4 Rb8 15. e3
Ne6 16. Nd5 Bd7 17. Ne4 f5 18. Nec3 Rf8 19. Rb3 Rf7 20. Ra3 f4 21. Ne4 Qf8 22.
Rxa7 Bh6 23. d4 c6 24. bxc6 Bxc6 25. exf4 exf4 26. Ra3 Bg7 27. Rd3 b5 28. Ndf6+
Bxf6 29. d5 Bd7 30. dxe6 Bxe6 31. cxb5 fxg3 32. Rxg3 Bf5 33. Nxf6+ Rxf6 34. a4
Bg4 35. Qd5+ Kh7 36. Rc3 Be2 37. Rc7+ Kh8 38. Re1 Re8 39. Qd4 Re5 40. Qc3 Re8
41. Rxe2 Rxe2 42. Rc8 Re1+ 43. Kh2 1-0

[Event "Chigorin Memorial 2008"]
[Site "St. Petersburg RUS"]
[Date "2008.10.06"]
[Round "4.24"]
[White "Shimanov, Aleksandr"]
[Black "Urjubdshzirov, Erdni"]
[Result "1/2-1/2"]
[WhiteElo "2476"]
[BlackElo "2299"]
[PlyCount "136"]
[EventDate "2008.10.03"]
[EventType "swiss"]
[EventRounds "9"]
[EventCountry "RUS"]
[Source "lmi"]
[SourceDate "2008.10.03"]

1. d4 Nf6 2. c4 e6 3. Nc3 Bb4 4. e3 c5 5. Nge2 cxd4 6. exd4 d5 7. a3 Bxc3+ 8.
Nxc3 dxc4 9. Bxc4 O-O 10. O-O Nc6 11. Be3 Nd5 12. Qf3 Nxe3 13. fxe3 Nxd4 14.
Qf4 Nf5 15. g4 Nh4 16. Rad1 Qe7 17. Ne4 Ng6 18. Qg3 Bd7 19. g5 Rac8 20. Bb3 Bb5
21. Rf2 Bc4 22. Bc2 Bd5 23. Nc3 Bc6 24. h4 Qc7 25. Qg4 Ne5 26. Qf4 Nd7 27. Rfd2
Ne5 28. Rf2 b5 29. h5 Nc4 30. Bd3 Qb6 31. Bxc4 bxc4 32. h6 Qc7 33. hxg7 Rfe8
34. Rd6 Ba8 35. Rh2 Qc5 36. g6 Qf5 37. gxf7+ Kxf7 38. Rxh7 Qxf4 39. exf4 Kg6
40. Rh4 Kxg7 41. Rd7+ Kg6 42. Rg4+ Kf5 43. Rgg7 Rf8 44. Ne2 Rg8 45. Nd4+ Kxf4
46. Rxa7 Ke5 47. Nb5 Rxg7+ 48. Rxg7 Bc6 49. Rg5+ Kf4 50. Rc5 Rg8+ 51. Kf1 Be4
52. Nc3 Bd3+ 53. Kf2 Rb8 54. Rb5 Rh8 55. Kg2 Rg8+ 56. Kf2 Rh8 57. Kg2 Be4+ 58.
Nxe4 Kxe4 59. a4 Kd4 60. a5 Ra8 61. Kf3 e5 62. Ke2 e4 63. b3 Rh8 64. bxc4 Rh2+
65. Ke1 Kxc4 66. Rb8 Ra2 67. a6 Rxa6 68. Ke2 Kd4 1/2-1/2

[Event "Chigorin Memorial 2008"]
[Site "St. Petersburg RUS"]
[Date "2008.10.06"]
[Round "4.26"]
[White "Solovjov, Sergey I"]
[Black "Balakirev, Ilia"]
[Result "1/2-1/2"]
[WhiteElo "2419"]
[BlackElo "2243"]
[PlyCount "68"]
[EventDate "2008.10.03"]
[EventType "swiss"]
[EventRounds "9"]
[EventCountry "RUS"]
[Source "lmi"]
[SourceDate "2008.10.03"]

1. e4 c6 2. d4 d5 3. Nd2 dxe4 4. Nxe4 Nf6 5. Nxf6+ gxf6 6. Qd3 Na6 7. a3 Bg4 8.
Ne2 e5 9. Be3 Qa5+ 10. Bd2 Qd5 11. c4 Bxe2 12. Bxe2 Qxd4 13. Qxd4 exd4 14.
O-O-O O-O-O 15. Bf4 Bd6 16. Rxd4 Be5 17. Rxd8+ Rxd8 18. Be3 Bd4 19. Kc2 Nc5 20.
Bg4+ Kc7 21. Re1 Ne6 22. g3 Re8 23. b4 c5 24. h4 b6 25. h5 Bxe3 26. Rxe3 f5 27.
Bh3 Rg8 28. bxc5 bxc5 29. Kc3 f4 30. gxf4 Kd6 31. Rg3 Rb8 32. h6 Nxf4 33. Bf1
Rd8 34. Bd3 Ke7 1/2-1/2

[Event "Chigorin Memorial 2008"]
[Site "St. Petersburg RUS"]
[Date "2008.10.06"]
[Round "4.27"]
[White "Kurilov, Viktor"]
[Black "Kotenko, Pavel"]
[Result "0-1"]
[WhiteElo "2312"]
[BlackElo "2402"]
[PlyCount "100"]
[EventDate "2008.10.03"]
[EventType "swiss"]
[EventRounds "9"]
[EventCountry "RUS"]
[Source "lmi"]
[SourceDate "2008.10.03"]

1. e4 e5 2. Nf3 Nc6 3. Bb5 a6 4. Bxc6 dxc6 5. Nc3 f6 6. d4 exd4 7. Qxd4 Qxd4 8.
Nxd4 Bd7 9. Be3 O-O-O 10. O-O-O Ne7 11. Nb3 b6 12. a3 Ng6 13. h3 Be7 14. Nd2
Rhe8 15. Nf3 c5 16. Nd2 Bc6 17. Nc4 f5 18. f3 Bf6 19. Rxd8+ Kxd8 20. Rd1+ Kc8
21. Nd5 Bxd5 22. Rxd5 fxe4 23. f4 Ne7 24. Rd1 b5 25. Nd2 Nd5 26. Re1 Bh4 27.
Re2 Bg3 28. f5 Nxe3 29. Rxe3 Bf4 30. Re2 Rd8 31. c3 Rd5 32. g4 Kd7 33. Kc2
Rxd2+ 34. Rxd2+ Bxd2 35. Kxd2 Kd6 36. b4 cxb4 37. axb4 Ke5 38. Ke3 h5 39. gxh5
Kxf5 40. Ke2 Kf4 41. Kf2 e3+ 42. Ke2 Ke4 43. h4 c6 44. h6 gxh6 45. h5 Kf4 46.
Ke1 Kf3 47. Kf1 e2+ 48. Ke1 Ke3 49. c4 bxc4 50. b5 c3 0-1

[Event "Chigorin Memorial 2008"]
[Site "St. Petersburg RUS"]
[Date "2008.10.06"]
[Round "4.31"]
[White "Yakovich, Yuri"]
[Black "Timofeev, Andrei"]
[Result "1-0"]
[WhiteElo "2567"]
[BlackElo "2205"]
[PlyCount "94"]
[EventDate "2008.10.03"]
[EventType "swiss"]
[EventRounds "9"]
[EventCountry "RUS"]
[Source "lmi"]
[SourceDate "2008.10.03"]

1. d4 d5 2. c4 c6 3. Nc3 Nf6 4. e3 g6 5. Nf3 Bg7 6. Be2 O-O 7. O-O dxc4 8. Bxc4
Nbd7 9. e4 Nb6 10. Be2 Qc7 11. h3 Nfd7 12. a4 a5 13. Be3 Nb8 14. Rc1 Qd8 15. d5
cxd5 16. exd5 Na6 17. Qd2 Nb4 18. Rfd1 Bd7 19. b3 Nc8 20. Bh6 Nd6 21. Bxg7 Kxg7
22. Ne5 Rb8 23. Re1 Rc8 24. Qd4 Kg8 25. h4 Bf5 26. Ng4 h5 27. Ne3 Re8 28. Red1
Na6 29. Nb5 Bd7 30. Qf4 Bxb5 31. axb5 Rxc1 32. Rxc1 Nb4 33. Qg5 Ne4 34. Qe5 Nf6
35. Rc7 b6 36. Bc4 Nd7 37. Qf4 Rf8 38. g4 Nf6 39. Qe5 Nd7 40. Qg3 Nf6 41. gxh5
Nxh5 42. Qe5 Re8 43. d6 e6 44. Ng4 Rf8 45. Nh6+ Kh7 46. Nxf7 Rxf7 47. Rxf7+ Kh6
1-0

[Event "Chigorin Memorial 2008"]
[Site "St. Petersburg RUS"]
[Date "2008.10.06"]
[Round "4.32"]
[White "Matlakov, Maxim"]
[Black "Utkin, Alexander"]
[Result "1-0"]
[WhiteElo "2490"]
[BlackElo "2196"]
[PlyCount "99"]
[EventDate "2008.10.03"]
[EventType "swiss"]
[EventRounds "9"]
[EventCountry "RUS"]
[Source "lmi"]
[SourceDate "2008.10.03"]

1. d4 d5 2. c4 e6 3. Nc3 Be7 4. Nf3 Nf6 5. Bg5 h6 6. Bh4 O-O 7. Qc2 c5 8. dxc5
dxc4 9. e4 Qa5 10. Bxf6 Bxf6 11. e5 Be7 12. Bxc4 Qxc5 13. Qe4 Qc6 14. Qe2 a6
15. O-O b5 16. Bd3 Bb7 17. Be4 Qb6 18. Rfd1 Bxe4 19. Nxe4 Nc6 20. Ng3 Rfd8 21.
Qe4 Bc5 22. Nh5 Bxf2+ 23. Kh1 Ne7 24. Rf1 Rac8 25. Qe2 Bc5 26. Nh4 Rd4 27. Qf3
Rf8 28. Qg3 g6 29. Nf6+ Kg7 30. Rac1 Rfd8 31. Nh5+ Kg8 32. Rxf7 Rd1+ 33. Rf1
Rxc1 34. Rxc1 Bf2 35. Qg4 Bxh4 36. Qxh4 Qd4 37. Nf6+ Kf7 38. Qe1 Qd2 39. Qf1
Qd3 40. Ne4+ Qxf1+ 41. Rxf1+ Kg7 42. Nc5 Rd2 43. Nxe6+ Kh8 44. Rf8+ Ng8 45. h4
Re2 46. Rf7 Rxe5 47. Nf8 Ne7 48. Rxe7 Rxe7 49. Nxg6+ Kg7 50. Nxe7 1-0

[Event "Chigorin Memorial 2008"]
[Site "St. Petersburg RUS"]
[Date "2008.10.06"]
[Round "4.33"]
[White "Ivkina, Olga"]
[Black "Alavkin, Arseny"]
[Result "0-1"]
[WhiteElo "2229"]
[BlackElo "2476"]
[PlyCount "120"]
[EventDate "2008.10.03"]
[EventType "swiss"]
[EventRounds "9"]
[EventCountry "RUS"]
[Source "lmi"]
[SourceDate "2008.10.03"]

1. e4 e6 2. d4 d5 3. e5 c5 4. c3 Nc6 5. Nf3 Bd7 6. a3 Qb6 7. b4 cxd4 8. cxd4
Rc8 9. Bb2 Nh6 10. Nc3 Na5 11. Na4 Qc6 12. bxa5 Qxa4 13. Qxa4 Bxa4 14. Bd3 Be7
15. O-O Bd8 16. a6 b6 17. Rfc1 Rxc1+ 18. Rxc1 Kd7 19. Bc3 f6 20. Bb4 Nf7 21. h4
Bc7 22. exf6 gxf6 23. g3 Nd6 24. Re1 Bb8 25. Nh2 h5 26. f4 Rg8 27. Kf2 Bc6 28.
Bxd6 Bxd6 29. Bf1 Bxa3 30. Bh3 Re8 31. g4 Bd6 32. Kf3 Bb5 33. gxh5 f5 34. Rg1
Rh8 35. Rg7+ Be7 36. Bf1 Bc4 37. Bxc4 dxc4 38. Ke3 Kd6 39. Nf3 c3 40. Ne5 c2
41. Nd3 Rxh5 42. Kd2 Rxh4 43. Kxc2 Rh8 44. Ne5 Rc8+ 45. Kd3 b5 46. Nf7+ Kd5 47.
Ne5 Rc7 48. Rg8 b4 49. Rb8 Rc3+ 50. Kd2 Kxd4 51. Rb7 Bc5 52. Nc6+ Kc4 53. Nxa7
Ra3 54. Nc6 Ra2+ 55. Kc1 Rxa6 56. Ne5+ Kc3 57. Kd1 b3 58. Rc7 Rd6+ 59. Ke2 Rd2+
60. Ke1 Rd5 0-1

[Event "Chigorin Memorial 2008"]
[Site "St. Petersburg RUS"]
[Date "2008.10.06"]
[Round "4.34"]
[White "Gorbatov, Alexej"]
[Black "Zhukov, Klim"]
[Result "0-1"]
[WhiteElo "2421"]
[BlackElo "2183"]
[PlyCount "104"]
[EventDate "2008.10.03"]
[EventType "swiss"]
[EventRounds "9"]
[EventCountry "RUS"]
[Source "lmi"]
[SourceDate "2008.10.03"]

1. d4 Nf6 2. c4 g6 3. Nc3 Bg7 4. e4 d6 5. Bd3 O-O 6. Nge2 Nc6 7. O-O Nh5 8. Bc2
e5 9. d5 Ne7 10. Rb1 f5 11. exf5 gxf5 12. f4 Ng6 13. fxe5 Bxe5 14. Nd4 Ng7 15.
Nf3 Bxc3 16. bxc3 f4 17. Nd4 Qg5 18. Rf2 b6 19. Qf1 Nh5 20. Bd2 Ne5 21. Nf3 Qg7
22. Nxe5 dxe5 23. c5 Bf5 24. Bxf5 Rxf5 25. Qd3 Raf8 26. c4 Rg5 27. Rbf1 Nf6 28.
Bc3 bxc5 29. Qe2 Qh6 30. h3 Re8 31. Kh1 Nh5 32. Rf3 Ng3+ 33. Rxg3 Rxg3 34. Bd2
Qg6 35. Kh2 Qd3 36. Qe1 Qg6 37. Rf2 h5 38. Re2 Rf8 39. Rxe5 Rxg2+ 40. Kh1 Qg3
41. Qxg3+ Rxg3 42. Be1 Rxh3+ 43. Kg2 Re3 44. Rg5+ Kf7 45. Bf2 Rg8 46. Rxg8 Kxg8
47. Bxe3 fxe3 48. Kf3 Kf7 49. Kxe3 Kf6 50. Kf4 h4 51. Kg4 Ke5 52. Kxh4 Kd4 0-1

[Event "Chigorin Memorial 2008"]
[Site "St. Petersburg RUS"]
[Date "2008.10.06"]
[Round "4.37"]
[White "Sudakova, Irina"]
[Black "Butuc, Maria"]
[Result "1/2-1/2"]
[WhiteElo "2349"]
[BlackElo "2159"]
[PlyCount "21"]
[EventDate "2008.10.03"]
[EventType "swiss"]
[EventRounds "9"]
[EventCountry "RUS"]
[Source "lmi"]
[SourceDate "2008.10.03"]

1. e4 c6 2. d4 d5 3. f3 dxe4 4. fxe4 e5 5. Nf3 Be6 6. c3 Nf6 7. Bd3 Nbd7 8. O-O
Bd6 9. Ng5 Qc7 10. h3 O-O-O 11. Be3 1/2-1/2

[Event "Chigorin Memorial 2008"]
[Site "St. Petersburg RUS"]
[Date "2008.10.06"]
[Round "4.38"]
[White "Konenkin, Dmitry"]
[Black "Kluchik, Julia"]
[Result "1-0"]
[WhiteElo "2296"]
[BlackElo "1951"]
[PlyCount "87"]
[EventDate "2008.10.03"]
[EventType "swiss"]
[EventRounds "9"]
[EventCountry "RUS"]
[Source "lmi"]
[SourceDate "2008.10.03"]

1. d4 e6 2. e4 d5 3. e5 c5 4. c3 Nc6 5. Nf3 Qb6 6. a3 Bd7 7. b4 cxd4 8. cxd4
Nge7 9. Be3 Nf5 10. Nbd2 Be7 11. Bd3 Nxe3 12. fxe3 O-O 13. O-O f6 14. Qb1 f5
15. Nb3 Qd8 16. Rc1 g5 17. Nc5 g4 18. Nd2 Bg5 19. Nf1 Rb8 20. Qc2 Qe7 21. g3 h5
22. Be2 Rf7 23. Nd3 Rh7 24. b5 Nd8 25. Nf4 h4 26. Qc5 Qe8 27. Qxa7 Nf7 28. Rc7
Ra8 29. Qxb7 Rb8 30. Qa7 Ra8 31. Qc5 hxg3 32. hxg3 Be7 33. Qc2 Ng5 34. b6 Bd8
35. b7 Rb8 36. Rc8 Rxb7 37. Ra8 Kf7 38. Rb1 Rxb1 39. Qxb1 Qh8 40. Bxg4 Rh1+ 41.
Kg2 Ne4 42. Qb7 Ke8 43. Qb8 Kf7 44. Qxd8 1-0

[Event "Chigorin Memorial 2008"]
[Site "St. Petersburg RUS"]
[Date "2008.10.06"]
[Round "4.39"]
[White "Pakhomov, Egor"]
[Black "Melnikov, Dmitry"]
[Result "0-1"]
[WhiteElo "2220"]
[BlackElo "2280"]
[PlyCount "60"]
[EventDate "2008.10.03"]
[EventType "swiss"]
[EventRounds "9"]
[EventCountry "RUS"]
[Source "lmi"]
[SourceDate "2008.10.03"]

1. d4 f5 2. Bg5 g6 3. Nc3 d5 4. Qd2 Bg7 5. O-O-O c6 6. f3 h6 7. Bh4 Nf6 8. e4
fxe4 9. fxe4 dxe4 10. Bc4 Nbd7 11. Nge2 Nb6 12. Bb3 g5 13. Bg3 Nbd5 14. Be5 Bg4
15. h4 Nxc3 16. bxc3 gxh4 17. Rxh4 h5 18. Kb2 Bh6 19. Qe1 Qd7 20. Ng3 Bg5 21.
Rh1 Bxd1 22. Nxe4 Rf8 23. Nxg5 Bg4 24. Rf1 O-O-O 25. Bh2 Nd5 26. Qe5 Qc7 27.
Rxf8 Rxf8 28. Qg7 Qd8 29. Nf7 Rg8 30. Qh7 Qf8 0-1

[Event "Chigorin Memorial 2008"]
[Site "St. Petersburg RUS"]
[Date "2008.10.06"]
[Round "4.40"]
[White "Duzhakov, Ilya"]
[Black "Sokolova, Vera"]
[Result "1-0"]
[WhiteElo "2276"]
[BlackElo "2105"]
[PlyCount "129"]
[EventDate "2008.10.03"]
[EventType "swiss"]
[EventRounds "9"]
[EventCountry "RUS"]
[Source "lmi"]
[SourceDate "2008.10.03"]

1. d4 d5 2. Nf3 e6 3. c4 c5 4. cxd5 exd5 5. g3 Nc6 6. Bg2 Nf6 7. O-O cxd4 8.
Nxd4 Bc5 9. Nxc6 bxc6 10. Qc2 Qb6 11. Nc3 Be7 12. Be3 Qa6 13. Bd4 Be6 14. e4
Qc4 15. Rad1 O-O 16. b3 Qb4 17. Bxf6 Bxf6 18. exd5 cxd5 19. Nxd5 Bxd5 20. Bxd5
Rac8 21. Qf5 Qc5 22. Rfe1 Bc3 23. Re3 g6 24. Qf3 Bg7 25. Bc4 Rc7 26. Red3 Qe7
27. Qg4 a5 28. Rd7 Rxd7 29. Rxd7 Qe5 30. Qf3 Bf6 31. Qb7 Qe8 32. Qd5 Bc3 33.
Kg2 Qa8 34. Qxa8 Rxa8 35. Rxf7 Kh8 36. h4 Rd8 37. Rf3 Bb4 38. h5 Rd2 39. h6 Rd8
40. g4 Bd2 41. Rh3 Bg5 42. Kg3 Rd4 43. Rh1 Bf4+ 44. Kf3 Bg5 45. Be6 Rd2 46. a3
Rd6 47. Bc4 Rd4 48. Be2 Kg8 49. Rd1 Rxd1 50. Bxd1 Be7 51. b4 axb4 52. Bb3+ Kf8
53. a4 Bc5 54. Ke2 Ke7 55. a5 Kf6 56. f4 Ba7 57. Kd3 Bb8 58. a6 Ke7 59. Kc4 Kd7
60. Kxb4 Kc6 61. Bg8 Bd6+ 62. Kb3 Bxf4 63. Bxh7 g5 64. Be4+ Kb6 65. Bd3 1-0

[Event "Chigorin Memorial 2008"]
[Site "St. Petersburg RUS"]
[Date "2008.10.06"]
[Round "4.41"]
[White "Merzliakov, Evgeny"]
[Black "Pogosian, Manvel"]
[Result "0-1"]
[WhiteElo "2210"]
[BlackElo "2256"]
[PlyCount "90"]
[EventDate "2008.10.03"]
[EventType "swiss"]
[EventRounds "9"]
[EventCountry "RUS"]
[Source "lmi"]
[SourceDate "2008.10.03"]

1. e4 c6 2. Nc3 d5 3. d3 Nf6 4. Bg5 Qa5 5. Bd2 Qc7 6. g3 dxe4 7. dxe4 e5 8. Bg2
Bc5 9. Nf3 Be6 10. b3 h6 11. O-O Nbd7 12. Qe2 O-O 13. Na4 Be7 14. Nb2 Rfd8 15.
Bc3 b5 16. Nd3 Bd6 17. a4 a6 18. Nh4 c5 19. axb5 axb5 20. Nf5 Bxf5 21. exf5 e4
22. Bxe4 Rxa1 23. Bxa1 c4 24. bxc4 bxc4 25. Nb2 Re8 26. f3 c3 27. Nc4 Bb4 28.
Kg2 Nc5 29. Ne3 Ncxe4 30. fxe4 Rxe4 31. Qf3 Qa7 32. Nd1 Qxa1 33. Nxc3 Qxc3 34.
Qxc3 Bxc3 35. Kf3 Re1 36. Rf2 Re5 37. g4 Bd4 38. Rd2 Re3+ 39. Kg2 Bc5 40. h3
Rc3 41. Rd8+ Kh7 42. Rd2 Ne4 43. Re2 Rg3+ 44. Kh2 Bg1+ 45. Kh1 Nf2+ 0-1

[Event "Chigorin Memorial 2008"]
[Site "St. Petersburg RUS"]
[Date "2008.10.06"]
[Round "4.42"]
[White "Gladyszev, Oleg"]
[Black "Palchun, Grigory"]
[Result "1-0"]
[WhiteElo "2448"]
[BlackElo "2129"]
[PlyCount "77"]
[EventDate "2008.10.03"]
[EventType "swiss"]
[EventRounds "9"]
[EventCountry "RUS"]
[Source "lmi"]
[SourceDate "2008.10.03"]

1. d4 Nf6 2. c4 e6 3. Nc3 Bb4 4. Qc2 O-O 5. a3 Bxc3+ 6. Qxc3 b6 7. Bg5 Bb7 8.
f3 h6 9. Bh4 d5 10. e3 Nbd7 11. cxd5 Nxd5 12. Bxd8 Nxc3 13. Bh4 Nd5 14. Kf2 f5
15. Bb5 N7f6 16. Bxf6 Nxf6 17. Ne2 Rac8 18. Nf4 Kf7 19. Nd3 Kg8 20. Rac1 c6 21.
Ba4 Rfd8 22. Rhd1 g5 23. b4 f4 24. exf4 Rxd4 25. fxg5 hxg5 26. Ne5 Rxd1 27.
Rxd1 Nd5 28. Rc1 Ne7 29. Kg3 Kg7 30. Kg4 Kf6 31. Nd7+ Kg6 32. Bc2+ Nf5 33. Re1
Kf7 34. Bxf5 exf5+ 35. Kxf5 Rh8 36. Ne5+ Kg7 37. Kxg5 Rxh2 38. Ng4 Rh7 39. Nf6
1-0

[Event "Chigorin Memorial 2008"]
[Site "St. Petersburg RUS"]
[Date "2008.10.06"]
[Round "4.43"]
[White "Kushka, Alena"]
[Black "Ivanov, Alexey"]
[Result "0-1"]
[WhiteElo "2123"]
[BlackElo "2431"]
[PlyCount "138"]
[EventDate "2008.10.03"]
[EventType "swiss"]
[EventRounds "9"]
[EventCountry "RUS"]
[Source "lmi"]
[SourceDate "2008.10.03"]

1. d4 Nf6 2. c4 e6 3. Nc3 d5 4. cxd5 exd5 5. Bg5 c6 6. e3 Be7 7. Qc2 O-O 8. Bd3
Nbd7 9. Nge2 Re8 10. O-O Nf8 11. Rad1 Be6 12. f3 Rc8 13. Kh1 Ng6 14. Qc1 a6 15.
Bb1 Nh5 16. Bxe7 Qxe7 17. e4 dxe4 18. fxe4 c5 19. d5 Bd7 20. d6 Qh4 21. Rd5 Ne5
22. Qe1 Qxe1 23. Rxe1 Nf6 24. Rdd1 Nfg4 25. Kg1 Ne3 26. Rc1 N3c4 27. Nd5 Nxd6
28. Red1 Bg4 29. Kf2 Bxe2 30. Kxe2 Kf8 31. Nf6 Re6 32. Nxh7+ Ke7 33. Ng5 Rg6
34. Nf3 Nxf3 35. Kxf3 Rf6+ 36. Ke3 b5 37. e5 Re6 38. Kf4 g5+ 39. Kxg5 Rxe5+ 40.
Kf4 f6 41. Re1 Nf7 42. h4 c4 43. g4 Rh8 44. h5 Rd8 45. Rcd1 Rxd1 46. Rxd1 Re2
47. b3 c3 48. Kf3 Rh2 49. Kg3 Re2 50. Kf3 Rb2 51. Rc1 b4 52. Ke4 Rd2 53. Kf3
Rd3+ 54. Kf4 Rd4+ 55. Kg3 Nh6 56. Bf5 Nxf5+ 57. gxf5 Kf7 58. h6 Kg8 59. Kf3 Kh7
60. Ke3 Rd5 61. Ke4 Re5+ 62. Kd4 Rxf5 63. Kc4 Rf4+ 64. Kc5 f5 65. Kb6 Re4 66.
Kxa6 f4 67. a3 bxa3 68. Rxc3 a2 69. Rc1 f3 0-1